Normal view
MARC view
- القانون التجاري -- التشريعات التجارية والإلكترونية
Entry Topical Term
001 - CONTROL NUMBER
- control field: 46043
003 - CONTROL NUMBER IDENTIFIER
- control field: JO-AjAnu
005 - DATE AND TIME OF LATEST TRANSACTION
- control field: 20230606081618.0
008 - FIXED-LENGTH DATA ELEMENTS
- fixed length control field: 230606|| aca||aabn | a|a d
040 ## - CATALOGING SOURCE
- Original cataloging agency: JO-AjAnu
- Transcribing agency: JO-AjAnu
150 ## - HEADING--TOPICAL TERM
- Topical term or geographic name entry element: القانون التجاري -- التشريعات التجارية والإلكترونية
670 ## - SOURCE DATA FOUND
- Source citation: Work cat.: (JO-AjAnu)23570: الكيلاني، محمود , author 46042, الموسوعة التجارية والمصرفية : التشريعات التجارية والإلكترونية " دراسة مقارنة " ، المجلد الثاني